International Criminal Court and the end of impunity in Kenya / (Record no. 3777)

MARC details
000 -LEADER
fixed length control field 03710cam a2200397 i 4500
001 - CONTROL NUMBER
control field ocn897719238
003 - CONTROL NUMBER IDENTIFIER
control field OCoLC
005 - DATE AND TIME OF LATEST TRANSACTION
control field 20180611104025.0
008 - FIXED-LENGTH DATA ELEMENTS--GENERAL INFORMATION
fixed length control field 141201t20152015sz a b 001 0 eng c
010 ## - LIBRARY OF CONGRESS CONTROL NUMBER
LC control number 2014951718
020 ## - INTERNATIONAL STANDARD BOOK NUMBER
International Standard Book Number 9783319107288
Qualifying information (cloth)
020 ## - INTERNATIONAL STANDARD BOOK NUMBER
International Standard Book Number 3319107283
Qualifying information (cloth)
029 1# - (OCLC)
OCLC library identifier AU@
System control number 000054565913
029 1# - (OCLC)
OCLC library identifier NLGGC
System control number 395607698
035 ## - SYSTEM CONTROL NUMBER
System control number (OCoLC)897719238
Canceled/invalid control number (OCoLC)889181030
040 ## - CATALOGING SOURCE
Original cataloging agency CDX
Language of cataloging eng
Description conventions rda
Transcribing agency TZ-ArACH
Modifying agency BTCTA
042 ## - AUTHENTICATION CODE
Authentication code pcc
043 ## - GEOGRAPHIC AREA CODE
Geographic area code f-ke---
049 ## - LOCAL HOLDINGS (OCLC)
Holding library TZAA
050 #4 - LIBRARY OF CONGRESS CALL NUMBER
Classification number KZ7312
Item number .N53 2015
082 04 - DEWEY DECIMAL CLASSIFICATION NUMBER
Classification number 155.2
Edition number 23
100 1# - MAIN ENTRY--PERSONAL NAME
Personal name Nichols, Lionel,
Dates associated with a name 1983-
Relator term author.
245 14 - TITLE STATEMENT
Title International Criminal Court and the end of impunity in Kenya /
Statement of responsibility, etc Lionel Nichols.
260 ## - PUBLICATION, DISTRIBUTION, ETC. (IMPRINT)
Place of publication, distribution, etc Cham [Switzerland] :
Name of publisher, distributor, etc Springer,
Date of publication, distribution, etc 2015
300 ## - PHYSICAL DESCRIPTION
Extent 265 pages :
Other physical details illustrations ;
Dimensions 24 cm.
490 1# - SERIES STATEMENT
Series statement Springer series in transitional justice
504 ## - BIBLIOGRAPHY, ETC. NOTE
Bibliography, etc Includes bibliographical references and index.
505 00 - FORMATTED CONTENTS NOTE
Title The strategy of positive complementarity --
-- Kenya's post-election violence and history of impunity --
-- From Nairobi to The Hague --
-- Prosecuting perpetrators --
-- Don't be vague, go to The Hague! --
-- Rule of law reforms : post hoc ergo propter hoc? --
-- Culture of impunity.
520 ## - SUMMARY, ETC.
Summary, etc The period immediately following Kenya's 2007 presidential election left a shocking trail of atrocities, with over 1,000 people dead and countless thousands left victimised and displaced. In response, the International Criminal Court began a series of investigations and trials, promising no impunity for even the highest ranking perpetrators. When the country's president and vice-president were implicated in the crimes, the case took on worldwide significance. The International Criminal Court and the End of Impunity in Kenya is a five-year study addressing critical human rights issues with a global reach and is the first detailed account of the ICC's intervention in Kenya. It probes the relationship between the ICC and state institutions, known as positive complementarity, and asks whether the ICC's intervention led to an end to impunity. The author provides comprehensive analysis of the Waki Commission's sealed envelope, the government's attempts to establish a special tribunal and the trials in The Hague. He also provides in depth consideration of any influence the ICC's intervention may have had on the passing of a new constitution, the establishment of a truth commission and important reforms to the judiciary, police and witness protection programme. Documenting the effects of these interventions on the Kenyan people, and on the country's legal and judicial systems, the book provides vital lessons in global justice as it: ?Details the ICC's involvement in Kenya in the aftermath of extreme violence and instability ?Evaluates the ICC prosecutor's strategy of positive complementarity ?Identifies optimal conditions for positive complementarity to be effective ?Links cultures of impunity to state-sponsored corruption ?Explores the possible impact of the ICC on national and global policy ?Discusses implications in responding to future crimes against humanity Replete with official government sources, The International Criminal Court and the End of Impunity in Kenya is necessary reading for researchers and practitioners working in public international law, particularly those specialising in conflict and post-conflict states.
610 20 - SUBJECT ADDED ENTRY--CORPORATE NAME
Corporate name or jurisdiction name as entry element International Criminal Court.
610 24 - SUBJECT ADDED ENTRY--CORPORATE NAME
Corporate name or jurisdiction name as entry element International Criminal Court.
650 #0 - SUBJECT ADDED ENTRY--TOPICAL TERM
Topical term or geographic name as entry element International criminal courts
Geographic subdivision Kenya.
650 #0 - SUBJECT ADDED ENTRY--TOPICAL TERM
Topical term or geographic name as entry element International criminal courts
General subdivision Political aspects.
9 (RLIN) 17550
830 #0 - SERIES ADDED ENTRY--UNIFORM TITLE
Uniform title Springer series in transitional justice.
942 ## - ADDED ENTRY ELEMENTS (KOHA)
Source of classification or shelving scheme Library of Congress Classification
Koha item type Books
Holdings
Home library Current library Date acquired Full call number Barcode Koha item type
African Court on Human and Peoples' Rights Library African Court on Human and Peoples' Rights Library 11/06/2018 KZ7312 .N53 2015 10218572 Books
African Court on Human and Peoples' Rights Library African Court on Human and Peoples' Rights Library 11/06/2018 KZ7312 .N53 2015 1021853X Books

African Court on Human and Peoples' Rights | For Inquiries Contact » +255 272 510 510